[Event "XLV Badalona Open 2019"]
[Site "Badalona"]
[Date "2019.08.06"]
[Round "5.7"]
[White "Moskalenko, Viktor"]
[Black "Volkov, Dmitriy"]
[Result "1-0"]
[WhiteElo "2500"]
[BlackElo "2369"]
[Annotator "ChessBase"]
[PlyCount "113"]
[EventDate "2019.08.02"]
[EventType "swiss"]
[EventCountry "ESP"]
[SourceTitle "playchess.com"]
[Source "ChessBase"]
[SourceQuality "1"]
[TimeControl "5400+30"]

1. b3 {[%emt 0:01:23]} Nf6 {[%emt 0:00:00]} 2. Bb2 {[%emt 0:00:04]} g6 {[%emt 0:00:00]} 3. Bxf6 {[%emt 0:01:08]} exf6 {[%emt 0:00:44]} 4. c4 d5 {[%emt 0:00:03]} 5. cxd5 {[%emt 0:00:19]} Qxd5 {[%emt 0:00:24]} 6. Nc3 {[%emt 0:00:14]} Qa5 {[%emt 0:06:54]} 7. a3 {[%emt 0:12:09]} Bg7 {[%emt 0:03:32]} 8. e3 {[%emt 0:07:09]} O-O {[%emt 0:06:26]} 9. Bc4 {[%emt 0:04:48]} c5 {[%emt 0:06:08]} 10. Nge2 {[%emt 0:14:05]} Nd7 {[%emt 0:08:31]} 11. O-O {[%emt 0:14:20]} f5 {[%emt 0:11:09]} 12. Qc2 {[%emt 0:00:51]} Nb6 {[%emt 0:03:33]} 13. Bd3 {[%emt 0:01:37]} Be6 {[%emt 0:10:55]} 14. Nf4 {[%emt 0:00:11]} c4 {[%emt 0:00:28]} 15. bxc4 Bxc3 {[%emt 0:00:06]} 16. dxc3 {[%emt 0:01:00]} Bxc4 {[%emt 0:00:04]} 17. Bxc4 {[%emt 0:00:29]} Nxc4 {[%emt 0:00:17]} 18. Rfd1 {[%emt 0:03:15]} Nb6 {[%emt 0:07:51]} 19. h4 {[%emt 0:04:35]} Rac8 {[%emt 0:01:46]} 20. Rd3 {[%emt 0:06:13]} h5 {[%emt 0:03:51]} 21. Qb3 {[%emt 0:05:47]} Kg7 {[%emt 0:09:21]} 22. a4 {[%emt 0:02:57]} Rc4 {[%emt 0:00:17]} 23. Qb5 {[%emt 0:00:30]} Rc5 {[%emt 0:05:18]} 24. Qb4 Rfc8 {[%emt 0:00:04]} 25. Qd4+ {[%emt 0:00:46]} Kg8 {[%emt 0:04:09]} 26. Qf6 {[%emt 0:11:48]} R5c6 {[%emt 0:02:42]} 27. Qe7 {[%emt 0:03:04]} Rxc3 {[%emt 0:00:08]} 28. Rd8+ {[%emt 0:00:30]} Rxd8 {[%emt 0:00:40]} 29. Qxd8+ {[%emt 0:00:32]} Kg7 {[%emt 0:00:33]} 30. Qe7 {[%emt 0:00:16]} Rc6 {[%emt 0:00:30]} 31. Rd1 {[%emt 0:01:53]} Nc8 {[%emt 0:01:44]} 32. Qxb7 {[%emt 0:00:44]} Rc7 {[%emt 0:00:37]} 33. Qb3 {[%emt 0:01:17]} Nb6 {[%emt 0:00:47]} 34. Kh2 {[%emt 0:01:12]} Qc3 {[%emt 0:00:17]} 35. Qb5 {[%emt 0:00:31]} Qc5 {[%emt 0:00:06]} 36. Qb2+ {[%emt 0:00:30]} Qc3 37. Qxc3+ {[%emt 0:01:18]} Rxc3 {[%emt 0:00:29]} 38. a5 {[%emt 0:00:00]} Nc4 {[%emt 0:00:30]} 39. Rd7 {[%emt 0:00:03]} Nxa5 {[%emt 0:00:53]} 40. Ne6+ {[%emt 0:00:44]} Kg8 {[%emt 0:00:09]} 41. Rd8+ Kh7 {[%emt 0:00:20]} 42. Ng5+ {[%emt 0:00:34]} Kg7 {[%emt 0:00:43]} 43. Rd7 {[%emt 0:00:00]} Nc6 {[%emt 0:00:30]} 44. Rxf7+ {[%emt 0:00:24]} Kg8 {[%emt 0:00:02]} 45. Rc7 {[%emt 0:00:08]} a5 {[%emt 0:00:01]} 46. Rc8+ {[%emt 0:00:38]} Kg7 {[%emt 0:00:51]} 47. Ne6+ {[%emt 0:00:00]} Kf6 {[%emt 0:00:30]} 48. Nd4 {[%emt 0:00:22]} a4 {[%emt 0:00:00]} 49. Rxc6+ {[%emt 0:00:35]} Rxc6 {[%emt 0:00:29]} 50. Nxc6 {[%emt 0:00:30]} a3 {[%emt 0:00:26]} 51. Nb4 {[%emt 0:00:01]} Ke5 {[%emt 0:00:30]} 52. Kg3 {[%emt 0:02:18]} Kd6 {[%emt 0:00:00]} 53. Kf3 {[%emt 0:00:36]} Kc5 {[%emt 0:00:16]} 54. Nc2 {[%emt 0:00:17]} a2 {[%emt 0:00:06]} 55. Ke2 {[%emt 0:00:05]} Kc4 {[%emt 0:00:15]} 56. Kd2 {[%emt 0:00:00]} Kb3 {[%emt 0:00:30]} 57. f3 {[%emt 0:00:02]} 1-0

[Event "XLV Badalona Open 2019"]
[Site "Badalona"]
[Date "2019.08.06"]
[Round "5.8"]
[White "Korobitsyna, Olesya"]
[Black "Fernandez Egea, Andres"]
[Result "1-0"]
[WhiteElo "1609"]
[BlackElo "1838"]
[Annotator "NA"]
[PlyCount "105"]
[EventDate "2019.08.02"]
[EventType "swiss"]
[EventCountry "ESP"]
[SourceTitle "playchess.com"]
[Source "ChessBase"]
[SourceQuality "1"]
[TimeControl "5400+30"]

1. d4 {[%emt 0:00:00]} Nf6 {[%emt 0:00:00]} 2. Nf3 g6 {[%emt 0:00:05]} 3. c4 {[%emt 0:00:00]} Bg7 4. Nc3 d6 {[%emt 0:01:45]} 5. e4 {[%emt 0:00:22]} O-O {[%emt 0:00:13]} 6. Be2 e5 7. O-O {[%emt 0:00:31]} Nc6 {[%emt 0:01:27]} 8. d5 {[%emt 0:00:22]} Ne7 {[%emt 0:01:16]} 9. Ne1 {[%emt 0:00:19]} Nd7 10. Be3 {[%emt 0:00:08]} f5 {[%emt 0:00:39]} 11. f3 {[%emt 0:00:09]} f4 {[%emt 0:05:59]} 12. Bf2 {[%emt 0:02:46]} g5 {[%emt 0:09:31]} 13. b4 {[%emt 0:00:54]} h5 {[%emt 0:01:48]} 14. c5 {[%emt 0:07:19]} Rf6 {[%emt 0:00:33]} 15. Rc1 {[%emt 0:18:37]} a6 {[%emt 0:02:02]} 16. Qb3 {[%emt 0:15:42]} Kh7 {[%emt 0:00:39]} 17. cxd6 {[%emt 0:01:37]} cxd6 {[%emt 0:03:53]} 18. b5 {[%emt 0:03:14]} b6 {[%emt 0:00:55]} 19. bxa6 {[%emt 0:08:00]} Nc5 {[%emt 0:03:34]} 20. Qd1 {[%emt 0:02:03]} Bxa6 {[%emt 0:03:05]} 21. Bxa6 {[%emt 0:00:51]} Rxa6 {[%emt 0:18:46]} 22. Nd3 {[%emt 0:11:09]} Rg6 {[%emt 0:01:21]} 23. Nxc5 {[%emt 0:01:32]} bxc5 {[%emt 0:13:57]} 24. Qe2 {[%emt 0:01:12]} Qa8 {[%emt 0:04:08]} 25. Rb1 {[%emt 0:02:30]} Bf6 {[%emt 0:03:43]} 26. Rb2 {[%emt 0:02:04]} Qc8 {[%emt 0:03:15]} 27. Rfb1 {[%emt 0:01:28]} Ra8 {[%emt 0:00:48]} 28. Rb6 {[%emt 0:07:53]} Qd8 29. a4 {[%emt 0:00:45]} g4 {[%emt 0:01:12]} 30. Be1 {[%emt 0:00:21]} gxf3 {[%emt 0:02:00]} 31. Qxf3 {[%emt 0:02:31]} Kh6 {[%emt 0:03:55]} 32. R1b5 {[%emt 0:01:02]} Nc8 33. Rb8 Rxb8 {[%emt 0:00:39]} 34. Rxb8 {[%emt 0:00:37]} Qc7 {[%emt 0:00:12]} 35. Rb5 {[%emt 0:03:12]} Nb6 {[%emt 0:02:03]} 36. Qe2 {[%emt 0:00:40]} Qa7 {[%emt 0:03:26]} 37. a5 Nd7 {[%emt 0:00:15]} 38. Bf2 {[%emt 0:01:54]} Bd8 {[%emt 0:00:16]} 39. Qa2 {[%emt 0:01:02]} Nf6 {[%emt 0:04:56]} 40. a6 Rg7 41. Rb2 {[%emt 0:02:07]} Ng4 {[%emt 0:00:40]} 42. Nb5 {[%emt 0:00:14]} Qd7 {[%emt 0:06:50]} 43. a7 {[%emt 0:01:36]} Nxf2 44. Rxf2 {[%emt 0:00:14]} Qxb5 {[%emt 0:01:38]} 45. a8=Q Bh4 {[%emt 0:00:31]} 46. Rf1 {[%emt 0:01:19]} Qd3 47. Q2a3 {[%emt 0:01:14]} Qxe4 {[%emt 0:00:41]} 48. Qf3 Qd4+ {[%emt 0:00:17]} 49. Kh1 {[%emt 0:00:39]} Qc4 50. Qh8+ {[%emt 0:00:23]} Rh7 {[%emt 0:01:18]} 51. Qf8+ {[%emt 0:00:15]} Rg7 {[%emt 0:00:09]} 52. Qxd6+ {[%emt 0:00:13]} Rg6 53. Qxe5 {[%emt 0:00:31]} 1-0

[Event "XLV Badalona Open 2019"]
[Site "Badalona"]
[Date "2019.08.06"]
[Round "5.9"]
[White "Opasiak, Dustin Tennessee"]
[Black "Moncada Correa, Sara"]
[Result "1-0"]
[WhiteElo "1723"]
[BlackElo "1909"]
[Annotator "NA"]
[PlyCount "95"]
[EventDate "2019.08.02"]
[EventType "swiss"]
[EventCountry "ESP"]
[SourceTitle "playchess.com"]
[Source "ChessBase"]
[SourceQuality "1"]
[TimeControl "5400+30"]

1. e4 {[%emt 0:00:00]} c5 {[%emt 0:01:14]} 2. Ne2 {[%emt 0:00:00]} e6 {[%emt 0:00:27]} 3. Nbc3 {[%emt 0:00:50]} Nc6 {[%emt 0:00:36]} 4. g3 {[%emt 0:00:23]} d5 {[%emt 0:00:18]} 5. exd5 {[%emt 0:01:44]} exd5 {[%emt 0:02:07]} 6. Bg2 {[%emt 0:01:15]} d4 {[%emt 0:02:11]} 7. Nd5 {[%emt 0:00:52]} Bd6 {[%emt 0:00:53]} 8. d3 {[%emt 0:03:30]} Nge7 {[%emt 0:03:12]} 9. Nef4 {[%emt 0:00:12]} O-O {[%emt 0:03:35]} 10. O-O {[%emt 0:00:13]} Nxd5 {[%emt 0:01:13]} 11. Nxd5 {[%emt 0:14:38]} Bf5 {[%emt 0:04:10]} 12. Qh5 {[%emt 0:13:54]} Qd7 {[%emt 0:05:45]} 13. h3 {[%emt 0:03:40]} Rfe8 14. Bf4 {[%emt 0:00:09]} Bxf4 {[%emt 0:01:51]} 15. Nxf4 {[%emt 0:07:05]} Re5 {[%emt 0:11:08]} 16. Rae1 {[%emt 0:04:37]} Rae8 {[%emt 0:05:56]} 17. Qd1 {[%emt 0:04:10]} h6 {[%emt 0:00:33]} 18. g4 {[%emt 0:01:49]} Bh7 {[%emt 0:00:43]} 19. Rxe5 {[%emt 0:01:37]} Nxe5 {[%emt 0:02:12]} 20. Re1 {[%emt 0:05:55]} b6 {[%emt 0:03:24]} 21. Kf1 {[%emt 0:02:22]} Kf8 {[%emt 0:00:23]} 22. Be4 {[%emt 0:00:30]} Bxe4 {[%emt 0:04:26]} 23. Rxe4 {[%emt 0:01:22]} Qc6 {[%emt 0:02:32]} 24. Qe2 {[%emt 0:02:24]} f6 {[%emt 0:02:31]} 25. Nh5 {[%emt 0:02:37]} Rd8 {[%emt 0:00:20]} 26. f4 {[%emt 0:02:14]} Nf7 {[%emt 0:03:31]} 27. Ng3 {[%emt 0:02:41]} Qc7 {[%emt 0:00:44]} 28. Kf2 {[%emt 0:01:40]} Nd6 {[%emt 0:01:40]} 29. Re6 {[%emt 0:04:39]} Kf7 {[%emt 0:01:45]} 30. f5 {[%emt 0:02:43]} Kf8 {[%emt 0:01:09]} 31. h4 {[%emt 0:01:04]} Nf7 {[%emt 0:02:08]} 32. Qe4 {[%emt 0:02:28]} Rc8 {[%emt 0:02:33]} 33. Kg2 {[%emt 0:02:28]} c4 {[%emt 0:00:19]} 34. Nh5 {[%emt 0:00:44]} cxd3 {[%emt 0:00:14]} 35. cxd3 {[%emt 0:02:28]} Qc2+ {[%emt 0:01:34]} 36. Qe2 {[%emt 0:02:18]} Ne5 {[%emt 0:01:03]} 37. Nf4 {[%emt 0:00:07]} Qxe2+ {[%emt 0:00:52]} 38. Nxe2 {[%emt 0:00:06]} Rc2 {[%emt 0:00:50]} 39. Kf1 {[%emt 0:01:31]} Nxd3 {[%emt 0:01:15]} 40. Rd6 {[%emt 0:00:51]} Rxb2 {[%emt 0:01:21]} 41. Rxd4 {[%emt 0:00:32]} Nc5 {[%emt 0:02:55]} 42. Nf4 {[%emt 0:01:39]} Rxa2 {[%emt 0:00:24]} 43. Rd8+ Ke7 {[%emt 0:00:16]} 44. Rg8 {[%emt 0:01:05]} Kf7 {[%emt 0:02:44]} 45. Rd8 {[%emt 0:01:16]} Ra4 {[%emt 0:08:36]} 46. Ng6 {[%emt 0:00:26]} Nd7 {[%emt 0:00:07]} 47. Rxd7+ {[%emt 0:00:30]} Kg8 {[%emt 0:00:45]} 48. Rd8+ 1-0

[Event "XLV Badalona Open 2019"]
[Site "Badalona"]
[Date "2019.08.06"]
[Round "5.10"]
[White "Bru Rullo, Samuel"]
[Black "Romeu Perulles, Jaume"]
[Result "1-0"]
[WhiteElo "1867"]
[BlackElo "1813"]
[Annotator "NA"]
[PlyCount "59"]
[EventDate "2019.08.02"]
[EventType "swiss"]
[EventCountry "ESP"]
[SourceTitle "playchess.com"]
[Source "ChessBase"]
[SourceQuality "1"]
[TimeControl "5400+30"]

1. d4 f5 2. g3 e6 3. Bg2 Nf6 4. Nf3 d6 5. c4 Be7 6. Nc3 O-O 7. O-O Qe8 8. b3 Qh5 9. Ba3 c6 10. Qc2 Re8 11. Bb2 Nbd7 12. Rad1 e5 13. dxe5 dxe5 14. Nh4 g6 15. Bc1 e4 16. f3 Bc5+ 17. Kh1 e3 18. f4 Nb6 19. Bf3 Qh6 20. Rd3 Ne4 21. Bxe4 fxe4 22. Nxe4 Be7 23. Ng5 Bxg5 24. fxg5 Qxg5 25. Qc3 Qe5 26. Qxe5 Rxe5 27. Rd8+ Kg7 28. Bb2 Kh6 29. Bxe5 Bh3 30. Rff8 1-0

[Event "XLV Badalona Open 2019"]
[Site "Badalona"]
[Date "2019.08.07"]
[Round "6.1"]
[White "Umetsubo, Cesar Hidemitsu"]
[Black "Sturt, Raven"]
[Result "1-0"]
[WhiteElo "2406"]
[BlackElo "2429"]
[Annotator "ChessBase"]
[PlyCount "133"]
[EventDate "2019.08.02"]
[EventType "swiss"]
[EventCountry "ESP"]
[SourceTitle "playchess.com"]
[Source "ChessBase"]
[SourceQuality "1"]
[TimeControl "5400+30"]

1. e4 {[%emt 0:00:00]} e6 {[%emt 0:02:24]} 2. d4 {[%emt 0:00:00]} d5 {[%emt 0:00:04]} 3. Nd2 {[%emt 0:00:23]} Nc6 4. Ngf3 {[%emt 0:07:32]} Nf6 {[%emt 0:00:08]} 5. e5 {[%emt 0:01:44]} Nd7 {[%emt 0:00:04]} 6. Bd3 {[%emt 0:03:04]} f6 {[%emt 0:00:04]} 7. exf6 {[%emt 0:07:54]} Qxf6 {[%emt 0:01:47]} 8. O-O {[%emt 0:09:22]} Bd6 {[%emt 0:05:35]} 9. Nb3 {[%emt 0:12:38]} h6 10. c3 {[%emt 0:00:24]} O-O {[%emt 0:05:49]} 11. Bc2 {[%emt 0:01:10]} Rf7 {[%emt 0:06:36]} 12. Qd3 {[%emt 0:14:29]} g5 {[%emt 0:16:19]} 13. Be3 {[%emt 0:02:49]} Ne7 {[%emt 0:08:46]} 14. Rae1 {[%emt 0:00:47]} g4 {[%emt 0:00:11]} 15. Nfd2 {[%emt 0:01:13]} e5 {[%emt 0:10:30]} 16. f3 {[%emt 0:07:13]} Qh4 {[%emt 0:00:51]} 17. g3 {[%emt 0:03:46]} Qh3 {[%emt 0:01:04]} 18. fxg4 {[%emt 0:06:28]} Rg7 {[%emt 0:04:48]} 19. Rf2 {[%emt 0:03:20]} Qxg4 20. Bxh6 {[%emt 0:00:14]} Rg6 {[%emt 0:01:19]} 21. Qe3 {[%emt 0:02:09]} e4 {[%emt 0:09:11]} 22. Nxe4 dxe4 {[%emt 0:00:30]} 23. Bxe4 Nf6 {[%emt 0:00:05]} 24. Bxg6 {[%emt 0:01:22]} Qxg6 25. Rxf6 {[%emt 0:01:58]} Qxf6 {[%emt 0:01:11]} 26. Bg5 Qg6 {[%emt 0:01:29]} 27. Bxe7 {[%emt 0:00:58]} Bxe7 {[%emt 0:00:07]} 28. Qxe7 {[%emt 0:01:36]} Bh3 {[%emt 0:01:34]} 29. Qe4 {[%emt 0:00:56]} Qf7 30. Qe7 Qd5 {[%emt 0:03:43]} 31. Qe4 {[%emt 0:00:48]} Qf7 {[%emt 0:00:00]} 32. Nd2 {[%emt 0:00:29]} Rf8 {[%emt 0:03:05]} 33. Qe2 Qxa2 34. Qc4+ {[%emt 0:01:18]} Qxc4 {[%emt 0:00:34]} 35. Nxc4 {[%emt 0:00:00]} b5 {[%emt 0:03:48]} 36. Ne5 b4 {[%emt 0:02:29]} 37. cxb4 {[%emt 0:02:18]} Rb8 {[%emt 0:01:28]} 38. Nc6 {[%emt 0:01:03]} Rb6 {[%emt 0:01:27]} 39. d5 {[%emt 0:03:34]} Rb5 {[%emt 0:02:39]} 40. Ra1 Kf7 {[%emt 0:00:01]} 41. Ra5 {[%emt 0:00:43]} Rb6 {[%emt 0:00:02]} 42. Rxa7 {[%emt 0:00:18]} Kf6 43. Kf2 {[%emt 0:01:01]} Rb5 {[%emt 0:00:46]} 44. Ra5 {[%emt 0:00:13]} Rb6 {[%emt 0:00:00]} 45. Ke3 {[%emt 0:01:36]} Bd7 {[%emt 0:00:00]} 46. Rc5 {[%emt 0:01:27]} Bh3 {[%emt 0:00:28]} 47. b5 Kf7 {[%emt 0:00:06]} 48. Kd4 {[%emt 0:01:09]} Ke8 {[%emt 0:00:13]} 49. Ke5 {[%emt 0:00:53]} Kd7 {[%emt 0:00:35]} 50. b3 {[%emt 0:01:27]} Bf1 51. Nd4 {[%emt 0:00:17]} Rh6 {[%emt 0:00:45]} 52. h4 {[%emt 0:00:26]} Rh5+ {[%emt 0:00:06]} 53. Kf4 Kd6 {[%emt 0:00:10]} 54. b4 {[%emt 0:00:40]} Bd3 55. Rc6+ {[%emt 0:00:52]} Kd7 {[%emt 0:00:31]} 56. Ne6 Bxb5 {[%emt 0:00:26]} 57. Rxc7+ {[%emt 0:00:29]} Kd6 {[%emt 0:02:08]} 58. Rc5 Be8 {[%emt 0:00:12]} 59. Ng7 {[%emt 0:00:41]} Rh8 {[%emt 0:00:05]} 60. Nxe8+ {[%emt 0:01:04]} Rxe8 {[%emt 0:00:07]} 61. Rb5 {[%emt 0:00:19]} Rf8+ {[%emt 0:00:02]} 62. Kg4 {[%emt 0:00:21]} Rg8+ {[%emt 0:00:04]} 63. Kh3 {[%emt 0:00:20]} Ke5 64. h5 {[%emt 0:00:15]} Ke4 {[%emt 0:00:42]} 65. d6 Rd8 {[%emt 0:00:19]} 66. h6 {[%emt 0:00:40]} Rxd6 {[%emt 0:00:21]} 67. Rh5 1-0

[Event "XLV Badalona Open 2019"]
[Site "Badalona"]
[Date "2019.08.07"]
[Round "6.2"]
[White "Moskalenko, Viktor"]
[Black "Rojas Keim, Luis"]
[Result "0-1"]
[WhiteElo "2500"]
[BlackElo "2338"]
[Annotator "ChessBase"]
[PlyCount "130"]
[EventDate "2019.08.02"]
[EventType "swiss"]
[EventCountry "ESP"]
[SourceTitle "playchess.com"]
[Source "ChessBase"]
[SourceQuality "1"]
[TimeControl "5400+30"]

1. d4 Nf6 {[%emt 0:01:12]} 2. c4 {[%emt 0:00:13]} e6 {[%emt 0:00:05]} 3. Nc3 {[%emt 0:00:11]} c5 4. d5 {[%emt 0:00:14]} exd5 {[%emt 0:00:34]} 5. cxd5 d6 {[%emt 0:00:00]} 6. e4 {[%emt 0:03:11]} g6 7. f4 {[%emt 0:00:10]} Bg7 {[%emt 0:00:15]} 8. Bb5+ {[%emt 0:04:36]} Nfd7 {[%emt 0:00:51]} 9. Be2 {[%emt 0:00:05]} O-O {[%emt 0:00:08]} 10. Nf3 Na6 {[%emt 0:00:03]} 11. O-O {[%emt 0:00:54]} Nc7 {[%emt 0:05:29]} 12. f5 {[%emt 0:08:53]} Ne5 {[%emt 0:07:41]} 13. Qe1 {[%emt 0:00:12]} Nxf3+ {[%emt 0:18:38]} 14. Rxf3 {[%emt 0:20:22]} b5 {[%emt 0:06:04]} 15. Qg3 {[%emt 0:01:10]} b4 {[%emt 0:02:22]} 16. Nd1 {[%emt 0:03:33]} Re8 {[%emt 0:06:41]} 17. Nf2 {[%emt 0:30:38]} Bxf5 {[%emt 0:01:22]} 18. Bg5 {[%emt 0:00:14]} f6 {[%emt 0:01:46]} 19. Bf4 {[%emt 0:00:46]} Bxe4 {[%emt 0:17:00]} 20. Bxd6 {[%emt 0:17:35]} Rc8 {[%emt 0:00:30]} 21. Bc4 Kh8 {[%emt 0:00:30]} 22. Nxe4 {[%emt 0:01:00]} Rxe4 {[%emt 0:10:25]} 23. Rf4 Ne8 {[%emt 0:00:02]} 24. Rxe4 {[%emt 0:01:47]} Nxd6 25. Qd3 Nxe4 {[%emt 0:01:37]} 26. Qxe4 {[%emt 0:00:39]} f5 27. Qe2 Bd4+ {[%emt 0:02:15]} 28. Kh1 {[%emt 0:04:54]} Qf6 {[%emt 0:00:38]} 29. Rb1 {[%emt 0:01:41]} Rc7 30. Qe8+ {[%emt 0:00:30]} Kg7 {[%emt 0:01:19]} 31. Re1 {[%emt 0:00:37]} Bf2 {[%emt 0:06:53]} 32. Re2 {[%emt 0:00:08]} Qd4 {[%emt 0:03:18]} 33. Qe5+ Kh6 {[%emt 0:00:03]} 34. Qxd4 {[%emt 0:01:15]} cxd4 {[%emt 0:00:15]} 35. b3 {[%emt 0:00:00]} Be3 {[%emt 0:01:35]} 36. g3 {[%emt 0:00:26]} Kg5 {[%emt 0:00:10]} 37. Kg2 {[%emt 0:01:36]} Kf6 {[%emt 0:00:44]} 38. Kf3 {[%emt 0:00:23]} g5 39. g4 {[%emt 0:00:05]} fxg4+ {[%emt 0:00:57]} 40. Kxg4 {[%emt 0:00:52]} Ke5 41. Re1 {[%emt 0:00:10]} Ke4 {[%emt 0:01:07]} 42. Rd1 Rf7 {[%emt 0:02:47]} 43. Bd3+ {[%emt 0:00:52]} Ke5 {[%emt 0:02:43]} 44. Rf1 {[%emt 0:00:00]} Rxf1 {[%emt 0:02:39]} 45. Bxf1 Kxd5 {[%emt 0:00:07]} 46. Bd3 {[%emt 0:00:44]} h6 47. Kf5 {[%emt 0:01:14]} h5 {[%emt 0:00:46]} 48. h3 g4 {[%emt 0:01:18]} 49. hxg4 {[%emt 0:00:33]} h4 {[%emt 0:00:46]} 50. Bf1 h3 51. Bxh3 {[%emt 0:00:58]} d3 {[%emt 0:00:32]} 52. g5 Kd4 {[%emt 0:00:34]} 53. g6 {[%emt 0:00:18]} Bh6 {[%emt 0:00:04]} 54. Bg4 {[%emt 0:00:15]} Kc3 {[%emt 0:00:48]} 55. Ke4 {[%emt 0:00:25]} Kc2 56. Kd4 {[%emt 0:00:04]} d2 {[%emt 0:01:36]} 57. Kc4 Bf8 58. g7 {[%emt 0:02:20]} Bxg7 {[%emt 0:00:19]} 59. Kxb4 d1=Q {[%emt 0:00:18]} 60. Bxd1+ {[%emt 0:00:03]} Kxd1 {[%emt 0:00:04]} 61. a4 {[%emt 0:02:01]} Kc2 {[%emt 0:00:46]} 62. a5 {[%emt 0:00:44]} Kb2 {[%emt 0:01:19]} 63. Ka4 {[%emt 0:00:05]} Kc3 {[%emt 0:00:30]} 64. b4 {[%emt 0:00:30]} Kc4 {[%emt 0:00:12]} 65. b5 Be5 0-1

[Event "XLV Badalona Open 2019"]
[Site "Badalona"]
[Date "2019.08.07"]
[Round "6.3"]
[White "Oliva Castaneda, Kevel"]
[Black "Cu Hor, Winston Darwin"]
[Result "1/2-1/2"]
[WhiteElo "2467"]
[BlackElo "2335"]
[Annotator "ChessBase"]
[PlyCount "33"]
[EventDate "2019.08.02"]
[EventType "swiss"]
[EventCountry "ESP"]
[SourceTitle "playchess.com"]
[Source "ChessBase"]
[SourceQuality "1"]
[TimeControl "5400+30"]

1. d4 {[%emt 0:00:00]} Nf6 {[%emt 0:00:40]} 2. c4 {[%emt 0:00:00]} e6 {[%emt 0:00:05]} 3. g3 {[%emt 0:00:00]} d5 {[%emt 0:00:07]} 4. Nf3 {[%emt 0:00:00]} dxc4 {[%emt 0:00:00]} 5. Bg2 c5 6. O-O {[%emt 0:00:00]} Nc6 {[%emt 0:00:24]} 7. dxc5 {[%emt 0:00:00]} Qxd1 {[%emt 0:00:00]} 8. Rxd1 {[%emt 0:00:02]} Bxc5 9. Nbd2 {[%emt 0:00:00]} c3 {[%emt 0:00:19]} 10. bxc3 {[%emt 0:00:00]} O-O {[%emt 0:04:41]} 11. Nb3 {[%emt 0:02:30]} Be7 {[%emt 0:01:38]} 12. Nfd4 {[%emt 0:00:47]} Nxd4 {[%emt 0:00:06]} 13. cxd4 {[%emt 0:27:34]} Nd5 {[%emt 0:04:46]} 14. Bb2 {[%emt 0:03:31]} f5 {[%emt 0:02:13]} 15. e4 {[%emt 0:00:18]} fxe4 {[%emt 0:01:11]} 16. Bxe4 {[%emt 0:12:51]} b6 17. Nc1 1/2-1/2

[Event "XLV Badalona Open 2019"]
[Site "Badalona"]
[Date "2019.08.07"]
[Round "6.4"]
[White "Perez Mitjans, Orelvis"]
[Black "Mateus, Alejandro"]
[Result "1-0"]
[WhiteElo "2416"]
[BlackElo "2334"]
[Annotator "NA"]
[PlyCount "77"]
[EventDate "2019.08.02"]
[EventType "swiss"]
[EventCountry "ESP"]
[SourceTitle "playchess.com"]
[Source "ChessBase"]
[SourceQuality "1"]
[TimeControl "5400+30"]

1. e4 d6 {[%emt 0:00:00]} 2. d4 {[%emt 0:09:50]} Nf6 {[%emt 0:00:08]} 3. f3 {[%emt 0:02:41]} c5 {[%emt 0:02:19]} 4. c3 {[%emt 0:04:11]} e6 {[%emt 0:02:51]} 5. Be3 {[%emt 0:01:54]} Nc6 {[%emt 0:01:37]} 6. Qd2 {[%emt 0:01:41]} Be7 {[%emt 0:01:13]} 7. Bd3 {[%emt 0:00:19]} O-O {[%emt 0:09:24]} 8. Ne2 {[%emt 0:04:37]} d5 {[%emt 0:00:00]} 9. e5 {[%emt 0:01:19]} Nd7 10. O-O {[%emt 0:00:06]} cxd4 {[%emt 0:05:22]} 11. cxd4 {[%emt 0:00:12]} Nb4 {[%emt 0:00:46]} 12. Nbc3 {[%emt 0:00:02]} Nxd3 {[%emt 0:01:40]} 13. Qxd3 {[%emt 0:02:40]} Nb6 {[%emt 0:01:49]} 14. b3 {[%emt 0:01:14]} Bd7 {[%emt 0:05:27]} 15. f4 {[%emt 0:10:20]} f5 {[%emt 0:04:53]} 16. a4 {[%emt 0:01:48]} a6 {[%emt 0:05:20]} 17. Bd2 {[%emt 0:14:29]} Nc8 {[%emt 0:04:11]} 18. h3 {[%emt 0:01:11]} Na7 {[%emt 0:02:04]} 19. g4 {[%emt 0:04:16]} g6 20. gxf5 {[%emt 0:00:24]} gxf5 {[%emt 0:02:22]} 21. Kh2 {[%emt 0:00:38]} Kh8 {[%emt 0:05:39]} 22. Ng1 {[%emt 0:00:06]} Nc6 {[%emt 0:02:59]} 23. Nf3 {[%emt 0:00:37]} Nb4 {[%emt 0:02:41]} 24. Qe2 {[%emt 0:00:38]} Be8 {[%emt 0:02:58]} 25. Qf2 {[%emt 0:00:14]} Bh5 {[%emt 0:03:54]} 26. Ng5 {[%emt 0:00:06]} Bxg5 {[%emt 0:04:58]} 27. fxg5 {[%emt 0:09:20]} Qe7 {[%emt 0:04:03]} 28. Qh4 {[%emt 0:04:38]} Qe8 {[%emt 0:02:18]} 29. g6 {[%emt 0:04:55]} Bxg6 30. Bg5 {[%emt 0:00:11]} Rc8 {[%emt 0:03:05]} 31. Rf3 {[%emt 0:00:36]} Nc2 {[%emt 0:11:26]} 32. Rg1 {[%emt 0:01:17]} f4 33. Bf6+ {[%emt 0:00:33]} Kg8 {[%emt 0:00:41]} 34. Ne2 {[%emt 0:00:11]} Rxf6 {[%emt 0:06:54]} 35. Qxf6 {[%emt 0:00:50]} Qf7 {[%emt 0:00:59]} 36. Rxf4 {[%emt 0:00:08]} Qxf6 {[%emt 0:01:24]} 37. Rxf6 Ne3 38. Nf4 {[%emt 0:02:22]} Rc2+ {[%emt 0:00:34]} 39. Kh1 1-0